Deux approches pour diriger les organisations: La tête et le coeur Une comparaison entre les gestionnaires et les leaders
" Les entreprises n,ont pas d'âme" C'est un dicton courant quitraduit que sentiments humains sont souvent absents des organisations dans lesquelles les individus doivent gagner leur vie,...
保存先:
| 第一著者: | |
|---|---|
| フォーマット: | 図書 |
| 言語: | Undetermined |
| 出版事項: |
Montréal, Canada
AMS
1994
|
| 主題: | |
| タグ: |
タグ追加
タグなし, このレコードへの初めてのタグを付けませんか!
|
| Thư viện lưu trữ: | Trung tâm Học liệu Trường Đại học Cần Thơ |
|---|
| LEADER | 00819nam a2200205Ia 4500 | ||
|---|---|---|---|
| 001 | CTU_41229 | ||
| 008 | 210402s9999 xx 000 0 und d | ||
| 082 | |a 658.1 | ||
| 082 | |b L195 | ||
| 100 | |a Laliberté, Jean | ||
| 245 | 0 | |a Deux approches pour diriger les organisations: La tête et le coeur | |
| 245 | 0 | |b Une comparaison entre les gestionnaires et les leaders | |
| 245 | 0 | |c Jean Laliberté | |
| 260 | |a Montréal, Canada | ||
| 260 | |b AMS | ||
| 260 | |c 1994 | ||
| 520 | |a " Les entreprises n,ont pas d'âme" C'est un dicton courant quitraduit que sentiments humains sont souvent absents des organisations dans lesquelles les individus doivent gagner leur vie,... | ||
| 650 | |a Management,Organizational effectiveness | ||
| 904 | |i Minh, 010516 | ||
| 980 | |a Trung tâm Học liệu Trường Đại học Cần Thơ | ||